000
00281nam a2200109 4500
999
_c
9529
_d
9529
008
180706b ||||| |||| 00| 0 eng d
245
_a
Pili pinas:
_b
Debates 2016
260
_a
Davao City
_b
Sun Star Davao
_c
c2016
300
_a
page B4.
650
0
_9
28308
_a
Politics.
942
_2
ddc
_c
PER